000 01063nam0a22002411 4500
001 rc\2642725
005 20260407194448.0
035 _a(NLR Aleph) 006950572
090 _a5243215
_c5243215
100 _a20110606d1930 |||y0rusy50 ca
101 0 _arus
102 _aRU
105 _aa z |||||
200 1 _aЖурналы Государственного медицинского издательства
_eПроспект
_fКнигоцентр. Периодсектор
210 _a[Москва]
_cОбъединение гос. изд-в РСФСР
_d[1930]
_g14 тип. "Мосполиграф"
215 _a32 с., [1] с. "Сводная таблица условий подписки ..." на обл.
_d17×26 см
300 _aБез тит. л. Описано по обложке
710 0 2 _aГосударственное издательство медицинской литературы
_3RU\NLR\AUTH\8810128665
_9754303
801 0 _aRU
_bNLR
_gpsbo
801 1 _aRU
_bELAR
_2rusmarc
852 _aNLR
_j30.12/1982
942 _cBOOK
980 _aNB